Law for business / (Record no. 503)

000 -LEADER
fixed length control field 02506cam a2200313 a 4500
001 - CONTROL NUMBER
control field 16524065
005 - DATE AND TIME OF LATEST TRANSACTION
control field 20140116120829.0
008 - FIXED-LENGTH DATA ELEMENTS--GENERAL INFORMATION
fixed length control field 101029s2012 nyua 001 0 eng
020 ## - INTERNATIONAL STANDARD BOOK NUMBER
International Standard Book Number 9780071314572
040 ## - CATALOGING SOURCE
Original cataloging agency DLC
Transcribing agency DLC
Modifying agency DLC
042 ## - AUTHENTICATION CODE
Authentication code pcc
043 ## - GEOGRAPHIC AREA CODE
Geographic area code n-us---
050 00 - LIBRARY OF CONGRESS CALL NUMBER
Classification number KF889.B37 2011
100 1# - MAIN ENTRY--PERSONAL NAME
Personal name Barnes, A. James.
245 10 - TITLE STATEMENT
Title Law for business /
Statement of responsibility, etc A. James Barnes, Terry Morehead Dworkin and Eric L. Richards.
250 ## - EDITION STATEMENT
Edition statement 11th ed.
260 ## - PUBLICATION, DISTRIBUTION, ETC. (IMPRINT)
Place of publication, distribution, etc New York :
Name of publisher, distributor, etc McGraw-Hill/Irwin,
Date of publication, distribution, etc 2011.
300 ## - PHYSICAL DESCRIPTION
Extent xxx, 1090 p. :
Other physical details ill.
500 ## - GENERAL NOTE
General note Includes index.
505 0# - FORMATTED CONTENTS NOTE
Formatted contents note Law, legal reasoning, and the legal profession -- Dispute settlement -- Business ethics and corporate social responsibility -- Business and the constitution -- Crimes -- Intentional torts -- Negligence and strict liability -- Licensing and intellectual property -- The nature and origins of contracts -- Creating a contract : offers -- Creating a contract : acceptances -- Consideration -- Capacity to contract -- Voluntary consent -- Illegality -- The form and meaning of contracts -- Third parties : contract rights -- Performance and remedies -- Formation and terms of sales contracts -- Warranties and product liability -- Performance of sales contracts -- Remedies for breach of sales contracts -- The agency relationship : creation, duties, and termination -- Liability of principals and agents to third parties -- Employment laws -- Which form of business organization? -- Partnerships -- Formation and termination of corporations -- Management of the corporate business -- Financing the corporation and the role of the shareholders -- Securities regulation -- Legal liability of accountants -- Personal property and bailments -- Real property -- Landlord and tenant -- Estates and trusts -- Insurance -- Negotiable instruments -- Negotiation and holder in due course -- Liability of parties -- Checks and electronic fund transfers -- Introduction to security -- Security interests in personal property -- Bankruptcy -- The antitrust laws -- Consumer protection laws -- Environmental regulation.
650 #0 - SUBJECT ADDED ENTRY--TOPICAL TERM
Topical term or geographic name as entry element Commercial law
Geographic subdivision United States.
650 #0 - SUBJECT ADDED ENTRY--TOPICAL TERM
Topical term or geographic name as entry element Trade regulation
Geographic subdivision United States.
650 #0 - SUBJECT ADDED ENTRY--TOPICAL TERM
Topical term or geographic name as entry element Business law
Geographic subdivision United States.
700 1# - ADDED ENTRY--PERSONAL NAME
Personal name Dworkin, Terry Morehead.
700 1# - ADDED ENTRY--PERSONAL NAME
Personal name Richards, Eric L.
906 ## - LOCAL DATA ELEMENT F, LDF (RLIN)
a 7
b cbc
c orignew
d 1
e ecip
f 20
g y-gencatlg
942 ## - ADDED ENTRY ELEMENTS (KOHA)
Source of classification or shelving scheme
Item type Book
Holdings
Withdrawn status Lost status Source of classification or shelving scheme Damaged status Not for loan Home library Current library Date acquired Source of acquisition Total Checkouts Full call number Barcode Date last seen Date last borrowed Copy number Price effective from Koha item type
          Riara University Library Riara University Library 21/10/2011 Purchase 14 KF889.B37 2011 1309/11 25/07/2019 02/07/2019 C.1 21/10/2011 Book
          Riara University Library Riara University Library 21/10/2011 Purchase 14 KF889.B37 2011 1307/11 11/12/2015 10/12/2015 C.2 21/10/2011 Book
          Riara University Library Riara University Library 21/10/2011 Purchase 11 KF889.B37 2011 1308/11 19/03/2021 05/03/2021 C.8 21/10/2011 Book

Riara University Library,
P.O. Box 49940-00100,
Nairobi, Kenya.